Music Quiz

Random Music or Song Quiz

Journey's Greatest Hits Quiz Stats

 Plays Quiz Updated Aug 16, 2017

Score 0/15 Timer 03:00
0 Plays Today
% Correct
Don't Stop Believing
92.6%
Faithfully
58.4%
Wheel in the Sky
57.3%
Any Way You Want It
51.8%
Open Arms
50.7%
Lights
43.1%
Separate Ways (Worlds Apart)
38.4%
Lovin', Touchin', Squeezin'
37.8%
% Correct
Only the Young
22.6%
Who's Crying Now
21.4%
Ask the Lonely
15.8%
Send Her My Love
15.4%
Be Good to Yourself
14.2%
Girl Can't Help It
13.9%
I'll Be Alright Without You
12.3%

You're not logged in!

Compare scores with friends on all Sporcle quizzes.
OR
Log In

Sporcle TV

Today on Sporcle TV


Watch our educational content, quiz creation guides, and fun videos on Sporcle TV.

Show Comments

Extras

Top Quizzes Today


Score Distribution

Your Account Isn't Verified!

In order to create a playlist on Sporcle, you need to verify the email address you used during registration. Go to your Sporcle Settings to finish the process.

Report this User

Report this user for behavior that violates our Community Guidelines.

Details: